[Event "South African op"]
[Site "Durban"]
[Date "2017.07.14"]
[Round "1"]
[White "Daniel, Angelo"]
[Black "Mahlangu, Sipho"]
[Result "1/2-1/2"]
[WhiteElo "1302"]
[BlackElo "1739"]
[PlyCount "47"]
[EventDate "2017.07.14"]
[EventType "swiss"]
[EventRounds "11"]
[EventCountry "RSA"]
[SourceTitle "EXT 2018"]
[Source "ChessBase"]
[SourceDate "2017.10.13"]
[SourceVersion "1"]
[SourceVersionDate "2017.10.13"]
[SourceQuality "1"]

1. e4 c5 2. Nf3 d6 3. d4 cxd4 4. Nxd4 Nf6 5. Nc3 a6 6. Be2 e6 7. Be3 Be7 8. 0-0 0-0 9. Nb3 Nc6 10. f4 Qc7 11. Bf3 b6 12. Qe2 Bb7 13. a4 Rfe8 14. Nd2 Rac8 15. Nc4 Nd7 16. Qf2 Nc5 17. Kh1 Nb4 18. Na3 Bf6 19. Bd4 e5 20. fxe5 Bxe5 21. Bxe5 Rxe5 22. Nc4 Rg5 23. Qd2 Ne6 24. Ne3 1/2-1/2

[Event "South African op"]
[Site "Cape Town"]
[Date "2015.07.04"]
[Round "2"]
[White "Solomons, Remondo T"]
[Black "Mahlangu, Sipho"]
[Result "1-0"]
[WhiteElo "1869"]
[BlackElo "1746"]
[PlyCount "89"]
[EventDate "2015.07.03"]
[EventType "swiss"]
[EventRounds "11"]
[EventCountry "RSA"]
[SourceTitle "CBM 167 Extra"]
[Source "ChessBase"]
[SourceDate "2015.09.14"]
[SourceVersion "1"]
[SourceVersionDate "2015.09.14"]
[SourceQuality "1"]

1. e4 c6 2. d4 d5 3. Nc3 dxe4 4. Nxe4 Bf5 5. Ng3 Bg6 6. Nf3 Nd7 7. h4 h6 8. h5 Bh7 9. Bd3 Bxd3 10. Qxd3 e6 11. Bd2 Ngf6 12. 0-0-0 Be7 13. Kb1 Qc7 14. c4 0-0 15. Ne2 Rad8 16. Nc3 e5 17. Qe2 exd4 18. Qxe7 Rfe8 19. Qa3 dxc3 20. Bxc3 Ne4 21. Bd4 c5 22. Be3 b6 23. Qa4 Ndf6 24. Rxd8 Rxd8 25. Qc2 Qd6 26. a3 Qe6 27. Nd2 Nxd2+ 28. Bxd2 Qe2 29. Be3 Qxc2+ 30. Kxc2 Ng4 31. Rh3 Re8 32. Kd3 Nxe3 33. Rxe3 Rxe3+ 34. Kxe3 Kf8 35. Ke4 Ke7 36. Kd5 Kd7 37. f4 a5 38. b3 Kc7 39. g4 Kd7 40. g5 Kc7 41. Ke5 Kd7 42. gxh6 gxh6 43. Kf6 Ke8 44. Kg7 Ke7 45. Kxh6 1-0